1179 1708 1174 1078 1955 1620 1259 1867 1295 1333 1841 1416 1770 1067 1927 1113 1072 1944 1336 1692 1461 1741 1747 1269 1552 1577 1703 1629 1131 1433 1675 1164 1369 1995 1130 1995 1999 1311 1344 1788 1183 1287 1358 1358 1612 1548 1338 1034 1821 1411 1715 1543 1142 1458 1435 1381 1610 1505 1584 1457 1654 1483 1717 1699 1546 1490 1517 1974 1888 1144 1676 1943 1193 1252 1309 1974 1714 1956 1975 1969 1766 1782 1491 1942 1186 1703 1612 1147 1092 1583 1108 1365 1014 1252 1976 1510 1679 1023 1047 BCNSPRNW ULIB Ver.6.0+V

เปลี่ยนเป็นภาษาไทย

Change to English
 แสดงรายละเอียดบรรณานุกรม
  กลับหน้าหลัก

Brief Record : Get Marc (ISO 2709) : E-mail record : QR code < ปิดหน้าต่าง
LEADER : 00000nam 2200000uu 4500
001    13399128931
003     ULIB
008    241030s2023||||th 000 0 tha d
020    ^a9780323826792
060 04 ^aQV4^bL731S
100 1  ^aLinda E. McCuistion
245 10 ^aStudy Guide Pharmacology A Patient-Centered Nursing Process Approach /^cLinda E. McCuistion
250    ^a11th ed.
260    ^aSt. Louis, Mo. :^bElsevier,^c2023
300    ^aviii, 306 p. ;^c28 cm.
650  2 ^aDrugs
650  2 ^aDrug Therapy^xNurses Instruction
650  2 ^aNursing
650  2 ^aPharmacology
650  2 ^aPharmacology^xExamination Questions
650  2 ^aPharmaceutical Preparations^xadministration & dosage^xNurses Instruction
945    ^p1615^l0^i011181
999    ^aประนอม เกษจรัล
รายการนี้ยังไม่มีแท็ก
คุณยังไม่ได้ล็อกอิน คุณสามารถมีกิจกรรมร่วมกับเว็บไซต์ได้ แต่ต้องล็อกอินก่อน ::
  ล็อกอิน

รายการสื่อสารสนเทศ

ลำดับที่ ประเภท เลขเรียก/บาร์โค้ด สถานที่ สถานะ
1. วิทยาศาสตร์การแพทย์ และสุขภาพ
หนังสือสำรอง
สถานะ=หนังสือสำรอง
QV4 L731S ฉ.1 
  Barcode: 011181
ห้องสมุดวิทยาเขตสวรรค์ประชารักษ์
►หนังสือทั่วไป
บนชั้น

รายการใกล้เคียง
    ผู้แต่ง [Linda E. McCuistion]

    หัวเรื่อง [Drugs]
    หัวเรื่อง [Nursing]
    หัวเรื่อง [Pharmacology]

BibComment


ยังไม่เคยถูกคอมเมนท์

คอมเมนท์ทรัพยากรรายการนี้
  คอมเมนท์: Study Guide Pha..


 Copyright 2026. Bcnsprnw @Library